[Event "ROM-ch U10"]
[Site "Calimanesti"]
[Date "2015.03.30"]
[Round "1"]
[White "Ioan, Tudor"]
[Black "Musat, Tudor Mihai"]
[Result "1-0"]
[WhiteElo "1322"]
[BlackElo "1052"]
[PlyCount "45"]
[EventDate "2015.03.30"]
[EventType "swiss"]
[EventRounds "9"]
[EventCountry "ROU"]
[SourceTitle "CBM 165 Extra"]
[Source "ChessBase"]
[SourceDate "2015.04.21"]
[SourceVersion "1"]
[SourceVersionDate "2015.04.21"]
[SourceQuality "1"]

1. e4 e5 2. f4 exf4 3. Nf3 Nf6 4. Nc3 Bc5 5. d4 Be7 6. Bxf4 0-0 7. Bc4 Re8 8. 0-0 d6 9. Qd3 Bd7 10. Rae1 a6 11. Ng5 b5 12. Nxf7 Qc8 13. Nxd6+ Kf8 14. Nxc8 Rxc8 15. Bd5 c6 16. Bb3 b4 17. Bxb8 Rcxb8 18. Qc4 Ke8 19. Na4 Rb5 20. e5 Nd5 21. Nc5 Nb6 22. Qg8+ Bf8 23. Qxf8# 1-0

[Event "ROM-ch U08"]
[Site "Calimanesti"]
[Date "2014.04.09"]
[Round "5"]
[White "Craita, Alexandru Stefan"]
[Black "Ioan, Tudor"]
[Result "1-0"]
[WhiteElo "1284"]
[BlackElo "1241"]
[PlyCount "103"]
[EventDate "2014.04.06"]
[EventType "swiss"]
[EventRounds "9"]
[EventCountry "ROU"]
[SourceTitle "CBM 160 Extra"]
[Source "ChessBase"]
[SourceDate "2014.07.01"]
[SourceVersion "1"]
[SourceVersionDate "2014.07.01"]
[SourceQuality "1"]

1. e4 e5 2. Nf3 Nc6 3. Nc3 Nf6 4. Bc4 Nxe4 5. Nxe4 d5 6. Bxd5 Qxd5 7. Nc3 Qd8 8. h3 Bc5 9. 0-0 Be6 10. Re1 Bd4 11. d3 Bxc3 12. bxc3 Qd6 13. Bd2 Rd8 14. d4 exd4 15. cxd4 Nxd4 16. Bg5 Nxf3+ 17. Qxf3 Rb8 18. Rad1 Qa6 19. Qd5 0-0 20. Qd4 Qxa2 21. c3 Qa5 22. Bf4 c5 23. Qe5 Rfd8 24. Qg5 Rxd1 25. Rxd1 h6 26. Qg3 Rd8 27. Re1 Kh7 28. Bc7 Qb5 29. Bxd8 a5 30. Bc7 a4 31. Be5 g6 32. Bf6 a3 33. Rxe6 a2 34. Re1 Qb1 35. Rxb1 axb1Q+ 36. Kh2 Qf5 37. Qd6 Qe6 38. Qxe6 fxe6 39. Be7 c4 40. Kg3 Kg7 41. Kf4 Kf7 42. Bb4 Kf6 43. h4 h5 44. g4 hxg4 45. Kxg4 b5 46. Kf4 e5+ 47. Ke4 Ke6 48. f4 exf4 49. Kxf4 Kf6 50. Ke4 g5 51. hxg5+ Kxg5 52. Kd4 1-0

[Event "ROM-ch U08"]
[Site "Calimanesti"]
[Date "2014.04.07"]
[Round "2"]
[White "Ioan, Tudor"]
[Black "Dorobantu, Fanurie Florin"]
[Result "1-0"]
[WhiteElo "1241"]
[BlackElo "1093"]
[PlyCount "129"]
[EventDate "2014.04.06"]
[EventType "swiss"]
[EventRounds "9"]
[EventCountry "ROU"]
[SourceTitle "CBM 160 Extra"]
[Source "ChessBase"]
[SourceDate "2014.07.01"]
[SourceVersion "1"]
[SourceVersionDate "2014.07.01"]
[SourceQuality "1"]

1. e4 e5 2. Nf3 Nc6 3. Bc4 Nf6 4. d3 Bc5 5. Nc3 d6 6. Bg5 Bg4 7. Qd2 0-0 8. Nd5 Qd7 9. Bxf6 Be6 10. Bg5 Bxd5 11. Bxd5 Qg4 12. 0-0 h6 13. Be3 Rfe8 14. c3 Bxe3 15. Qxe3 Na5 16. d4 c6 17. Bb3 Nxb3 18. axb3 Re6 19. d5 Rg6 20. Ne1 Rg5 21. f3 Qh3 22. Kh1 Qh4 23. Qf2 Qf4 24. Nd3 Qf6 25. Qh4 Qg6 26. Qf2 Rh5 27. f4 Qg4 28. Qf3 Qh4 29. Qh3 Qxh3 30. gxh3 Rxh3 31. dxc6 Rxd3 32. cxb7 Rb8 33. Rxa7 Kh7 34. b4 exf4 35. c4 Rb3 36. b5 Rxb2 37. Rd1 f3 38. Kg1 Rc2 39. Rxd6 Rxc4 40. Rd7 Rb4 41. Ra8 Rxb7 42. Rxb7 Rxe4 43. Rxf7 Rb4 44. Rb8 Kg6 45. Rxf3 Kg5 46. b6 g6 47. b7 Kg4 48. Rf7 Rb2 49. Rg8 Rxb7 50. Rxb7 g5 51. Rb5 Kf3 52. Rg6 Ke4 53. Rxh6 Kf4 54. Rg6 Kg4 55. Rgxg5+ Kf4 56. Kf2 Ke4 57. h4 Kd3 58. h5 Kc4 59. h6 Kc3 60. h7 Kc4 61. h8Q Kd3 62. Qh3+ Kc2 63. Rgc5+ Kd2 64. Rb2+ Kd1 65. Qh1# 1-0

[Event "ROM-ch U08"]
[Site "Calimanesti"]
[Date "2013.04.03"]
[Round "3"]
[White "Verzotti, Matteo Alexandru"]
[Black "Ioan, Tudor"]
[Result "1-0"]
[WhiteElo "1261"]
[BlackElo "1178"]
[PlyCount "37"]
[EventDate "2013.04.02"]
[EventType "swiss"]
[EventRounds "9"]
[EventCountry "ROU"]
[SourceTitle "CBM 153 Extra"]
[Source "ChessBase"]
[SourceDate "2013.04.22"]
[SourceVersion "1"]
[SourceVersionDate "2013.04.22"]
[SourceQuality "1"]

1. e4 e5 2. Nf3 Nc6 3. Bb5 Bc5 4. d3 d6 5. Bc4 Nf6 6. Bg5 0-0 7. Nc3 Bg4 8. Nd5 Nd4 9. Nxf6+ gxf6 10. Bh6 Re8 11. Rg1 Qe7 12. h3 Be6 13. Nxd4 Bxd4 14. c3 Bc5 15. Bb3 f5 16. exf5 Bxb3 17. Qg4+ Qg5 18. Qxg5+ Kh8 19. Qg7# 1-0

[Event "ROM-ch U08"]
[Site "Calimanesti"]
[Date "2013.04.02"]
[Round "1"]
[White "Cialacu, Edward Cristian"]
[Black "Ioan, Tudor"]
[Result "0-1"]
[WhiteElo "1056"]
[BlackElo "1178"]
[PlyCount "130"]
[EventDate "2013.04.02"]
[EventType "swiss"]
[EventRounds "9"]
[EventCountry "ROU"]
[SourceTitle "CBM 153 Extra"]
[Source "ChessBase"]
[SourceDate "2013.04.22"]
[SourceVersion "1"]
[SourceVersionDate "2013.04.22"]
[SourceQuality "1"]

1. e4 c6 2. Nf3 d5 3. Nc3 Bg4 4. Be2 Nd7 5. exd5 cxd5 6. Nxd5 Nc5 7. Nc3 Nf6 8. d3 e6 9. h3 Bh5 10. Bf4 Bd6 11. Bxd6 Qxd6 12. 0-0 0-0 13. Nb5 Qc6 14. d4 Bxf3 15. Bxf3 Qxb5 16. dxc5 Qxc5 17. Bxb7 Rab8 18. Bf3 Rxb2 19. Rc1 Rxa2 20. c3 h6 21. Ra1 Rxa1 22. Qxa1 a5 23. Qb2 Rc8 24. Rc1 a4 25. Bd1 a3 26. Qa2 Ne4 27. c4 Ra8 28. Bf3 Qxf2+ 29. Qxf2 Nxf2 30. Bxa8 Nd3 31. c5 Nxc1 32. c6 Ne2+ 33. Kh2 a2 34. c7 a1Q 35. c8Q+ Kh7 36. Be4+ f5 37. Qc5 Qg1+ 38. Qxg1 Nxg1 39. Kxg1 fxe4 40. Kf2 Kg6 41. Ke3 Kf5 42. g4+ Ke5 43. h4 g6 44. h5 g5 45. Ke2 Kd4 46. Kd2 e5 47. Ke2 e3 48. Ke1 e2 49. Kf2 e1Q+ 50. Kxe1 Ke3 51. Kd1 Kf2 52. Kc2 e4 53. Kc3 e3 54. Kd3 e2 55. Kc4 e1Q 56. Kc5 Qe4 57. Kd6 Qxg4 58. Kc7 Qe6 59. Kb7 Qd6 60. Ka8 Qd7 61. Kb8 Ke3 62. Ka8 Kd4 63. Kb8 Kc5 64. Ka8 Kb6 65. Kb8 Qb7# 0-1